[Event "DVM U14 2020"]
[Site "Willingen GER"]
[Date "2021.06.25"]
[Round "3"]
[White "Huo, Da"]
[Black "Rohm, Linus"]
[Result "1-0"]
[Termination "normal"]
[Board "4.2"]
[WhiteElo "1918"]
[BlackElo "1581"]
[WhiteClock "00:07:00"]
[BlackClock "01:07:51"]
[WhiteTeam "Hamburger SK von 1830"]
[BlackTeam "SchachAkademiePaderborn e. V."]
[PlyCount "113"]
[WhiteFideId "16221206"]
[BlackFideId "16298217"]
[EventCountry "GER"]
[EventRounds "7"]
[EventType "team-swiss"]
[EventDate "2021.06.23"]

1. e4 {[%clk 1:31:00]} 1... e6 {[%clk 1:30:55]} 2. d4 {[%clk 1:31:26]} 2... d5
{[%clk 1:31:16]} 3. Nd2 {[%clk 1:31:52]} 3... dxe4 {[%clk 1:31:40]} 4. Nxe4 {
[%clk 1:32:18]} 4... Nd7 {[%clk 1:32:02]} 5. Nf3 {[%clk 1:32:44]} 5... Ngf6 {
[%clk 1:32:29]} 6. Bd3 {[%clk 1:32:57]} 6... b6 {[%clk 1:31:48]} 7. Qe2 { [%clk
1:32:19]} 7... Bb7 {[%clk 1:31:32]} 8. Nxf6+ {[%clk 1:32:43]} 8... Nxf6 { [%clk
1:31:49]} 9. Bg5 {[%clk 1:32:54]} 9... Be7 {[%clk 1:31:53]} 10. O-O-O { [%clk
1:32:41]} 10... O-O {[%clk 1:29:46]} 11. Kb1 {[%clk 1:32:41]} 11... a5 { [%clk
1:28:18]} 12. Rhg1 {[%clk 1:26:32]} 12... Nd5 {[%clk 1:26:56]} 13. Bxe7 { [%clk
1:18:44]} 13... Qxe7 {[%clk 1:24:48]} 14. Qd2 {[%clk 1:17:07]} 14... a4 { [%clk
1:22:20]} 15. c3 {[%clk 1:04:54]} 15... a3 {[%clk 1:21:35]} 16. b3 { [%clk
1:03:06]} 16... c5 {[%clk 1:18:37]} 17. Bc4 {[%clk 0:45:23]} 17... Rfc8 { [%clk
1:15:30]} 18. Rde1 {[%clk 0:42:25]} 18... cxd4 {[%clk 1:10:32]} 19. Nxd4 {[%clk
0:42:15]} 19... Qf6 {[%clk 1:09:53]} 20. Bxd5 {[%clk 0:27:58]} 20... Bxd5
{[%clk 1:09:22]} 21. f4 {[%clk 0:25:56]} 21... b5 {[%clk 1:04:07]} 22. Qe3
{[%clk 0:16:17]} 22... b4 {[%clk 1:01:57]} 23. cxb4 {[%clk 0:10:50]} 23... Rd8
{[%clk 0:59:36]} 24. Rd1 {[%clk 0:07:51]} 24... Ra7 {[%clk 0:58:46]} 25. Rd2 {
[%clk 0:07:49]} 25... Rad7 {[%clk 0:57:10]} 26. Rgd1 {[%clk 0:06:40]} 26...
Bxg2 {[%clk 0:56:07]} 27. Rxg2 {[%clk 0:05:20]} 27... Rxd4 {[%clk 0:56:26]} 28.
Rxd4 {[%clk 0:05:45]} 28... Rxd4 {[%clk 0:56:30]} 29. Qe5 {[%clk 0:06:04]}
29... Qxe5 {[%clk 0:55:55]} 30. fxe5 {[%clk 0:06:31]} 30... Rxb4 { [%clk
0:55:37]} 31. Re2 {[%clk 0:06:43]} 31... Kf8 {[%clk 0:55:48]} 32. Kc2 { [%clk
0:07:08]} 32... Ke7 {[%clk 0:55:07]} 33. Kc3 {[%clk 0:07:34]} 33... Rb5 { [%clk
0:53:32]} 34. Kc4 {[%clk 0:07:53]} 34... Rd5 {[%clk 0:53:58]} 35. b4 { [%clk
0:07:56]} 35... Kd7 {[%clk 0:53:34]} 36. Kb3 {[%clk 0:07:22]} 36... f6 { [%clk
0:53:50]} 37. Rg2 {[%clk 0:06:32]} 37... Rxe5 {[%clk 0:52:37]} 38. Rxg7+ {[%clk
0:06:53]} 38... Kd6 {[%clk 0:52:26]} 39. Rxh7 {[%clk 0:06:21]} 39... Re3+
{[%clk 0:52:11]} 40. Ka4 {[%clk 0:03:11]} 40... f5 {[%clk 0:51:38]} 41. b5
{[%clk 0:01:11]} 41... Kc5 {[%clk 0:51:30]} 42. Ka5 {[%clk 0:01:19]} 42... Re2
{[%clk 0:51:17]} 43. Rh3 {[%clk 0:21:21]} 43... Rxa2 {[%clk 1:18:49]} 44. b6 {
[%clk 0:19:18]} 44... Rb2 {[%clk 1:18:35]} 45. Rc3+ {[%clk 0:19:36]} 45... Kd4
{[%clk 1:10:56]} 46. Rxa3 {[%clk 0:19:55]} 46... f4 {[%clk 1:11:14]} 47. h4 {
[%clk 0:19:03]} 47... Kc5 {[%clk 1:09:29]} 48. Rc3+ {[%clk 0:17:56]} 48... Kd4
{[%clk 1:09:23]} 49. Rc1 {[%clk 0:16:52]} 49... f3 {[%clk 1:08:40]} 50. h5 {
[%clk 0:17:10]} 50... Rh2 {[%clk 1:08:54]} 51. b7 {[%clk 0:07:43]} 51... Rxh5+
{[%clk 1:08:56]} 52. Kb4 {[%clk 0:08:07]} 52... Rh8 {[%clk 1:07:10]} 53. Rc8 {
[%clk 0:06:31]} 53... Rxc8 {[%clk 1:07:31]} 54. bxc8=Q {[%clk 0:06:54]} 54...
Ke3 {[%clk 1:07:15]} 55. Qxe6+ {[%clk 0:06:43]} 55... Kf2 {[%clk 1:07:36]} 56.
Kc3 {[%clk 0:06:55]} 56... Kg1 {[%clk 1:07:51]} 57. Qg4+ {[%clk 0:07:00]} 1-0

[Event "DVM U14 2020"]
[Site "Willingen GER"]
[Date "2021.06.25"]
[Round "3"]
[White "Brinkschröder, Josh"]
[Black "Fuhrmann, Bahne"]
[Result "0-1"]
[Termination "normal"]
[Board "4.3"]
[WhiteElo "1568"]
[BlackElo "1849"]
[WhiteClock "01:05:10"]
[BlackClock "01:03:34"]
[WhiteTeam "SchachAkademiePaderborn e. V."]
[BlackTeam "Hamburger SK von 1830"]
[PlyCount "74"]
[WhiteFideId "16274903"]
[BlackFideId "16244842"]
[EventCountry "GER"]
[EventRounds "7"]
[EventType "team-swiss"]
[EventDate "2021.06.23"]

1. e4 e5 2. f4 d5 3. exd5 exf4 4. Nf3 Nf6 5. d4 Nxd5 6. Bc4 Nb6 7. Bb3 Be7 8.
O-O O-O 9. Bxf4 c6 10. Ne5 Nd5 11. Qf3 Nxf4 12. Qxf4 Bf6 13. Nxf7 Rxf7 14.
Bxf7+ Kxf7 15. g4 g5 16. Qe4 Kg7 17. c3 Qd5 18. Qxd5 cxd5 19. h3 Nc6 20. Rd1 h5
21. gxh5 Bxh3 22. Kh2 Bg4 23. Re1 Bxh5 24. Nd2 Be7 25. Re3 Bd6+ 26. Kg1 Bf4 27.
Rh3 Bg4 28. Rd3 Be2 29. Rh3 Bxd2 30. Rh2 Be3+ 31. Kg2 Rf8 32. Re1 Rf2+ 33. Kg3
Rxh2 34. Kxh2 Bf4+ 35. Kh3 Bf3 36. Re8 g4+ 37. Kh4 g3 0-1

[Event "DVM U14 2020"]
[Site "Willingen GER"]
[Date "2021.06.25"]
[Round "3"]
[White "Hommer, Jeremy"]
[Black "Klaska, Philipp Leon"]
[Result "1-0"]
[Termination "normal"]
[Board "5.1"]
[WhiteElo "2180"]
[BlackElo "1755"]
[WhiteClock "00:10:07"]
[BlackClock "00:01:06"]
[WhiteTeam "SC Turm Lüneburg e.V."]
[BlackTeam "Düsseldorfer Schachverein 1854"]
[PlyCount "73"]
[WhiteFideId "12992577"]
[BlackFideId "16238044"]
[EventCountry "GER"]
[EventRounds "7"]
[EventType "team-swiss"]
[EventDate "2021.06.23"]

1. c4 {[%clk 1:30:53]} 1... e6 {[%clk 1:30:39]} 2. g3 {[%clk 1:31:13]} 2... Nf6
{[%clk 1:30:13]} 3. Bg2 {[%clk 1:31:38]} 3... d5 {[%clk 1:29:32]} 4. Nf3 {
[%clk 1:31:34]} 4... Nbd7 {[%clk 1:29:03]} 5. O-O {[%clk 1:31:20]} 5... Be7 {
[%clk 1:28:01]} 6. b3 {[%clk 1:31:09]} 6... b6 {[%clk 1:27:12]} 7. Bb2 { [%clk
1:31:12]} 7... Bb7 {[%clk 1:26:51]} 8. Nc3 {[%clk 1:31:05]} 8... O-O { [%clk
1:25:17]} 9. Rc1 {[%clk 1:27:51]} 9... c5 {[%clk 1:20:45]} 10. cxd5 { [%clk
1:27:42]} 10... Nxd5 {[%clk 1:11:59]} 11. Nxd5 {[%clk 1:23:10]} 11... Bxd5
{[%clk 1:10:03]} 12. d4 {[%clk 1:18:11]} 12... Rc8 {[%clk 1:05:15]} 13. Qd2
{[%clk 1:11:59]} 13... Bf6 {[%clk 1:01:15]} 14. Rfd1 {[%clk 1:07:38]} 14... Qe7
{[%clk 0:53:39]} 15. Bc3 {[%clk 1:02:08]} 15... Rfd8 {[%clk 0:50:37]} 16. Qb2
{[%clk 1:02:26]} 16... cxd4 {[%clk 0:47:36]} 17. Bxd4 {[%clk 1:01:34]} 17...
Bxd4 {[%clk 0:43:38]} 18. Rxd4 {[%clk 0:51:35]} 18... a5 {[%clk 0:40:20]} 19.
Rcd1 {[%clk 0:44:07]} 19... Nc5 {[%clk 0:37:51]} 20. Ne5 {[%clk 0:41:52]} 20...
f6 {[%clk 0:19:29]} 21. Nc4 {[%clk 0:37:17]} 21... Bxg2 {[%clk 0:16:49]} 22.
Kxg2 {[%clk 0:37:45]} 22... e5 {[%clk 0:15:02]} 23. R4d2 {[%clk 0:30:10]} 23...
Ne4 {[%clk 0:06:03]} 24. Rxd8+ {[%clk 0:23:36]} 24... Rxd8 { [%clk 0:06:27]}
25. Qc2 {[%clk 0:23:32]} 25... Nc5 {[%clk 0:03:40]} 26. f3 { [%clk 0:22:35]}
26... Rxd1 {[%clk 0:03:35]} 27. Qxd1 {[%clk 0:22:50]} 27... Qd7 {[%clk
0:03:44]} 28. Nd6 {[%clk 0:21:41]} 28... Nb7 {[%clk 0:02:42]} 29. Qd5+ { [%clk
0:21:07]} 29... Kf8 {[%clk 0:03:08]} 30. Qxb7 {[%clk 0:19:40]} 30... Qxd6
{[%clk 0:03:32]} 31. Qc8+ {[%clk 0:19:45]} 31... Kf7 {[%clk 0:03:36]} 32. Qc4+
{[%clk 0:19:28]} 32... Qe6 {[%clk 0:03:08]} 33. Qc7+ {[%clk 0:19:52]} 33... Kf8
{[%clk 0:03:14]} 34. g4 {[%clk 0:16:35]} 34... Kg8 {[%clk 0:02:47]} 35. Kf2 {
[%clk 0:16:00]} 35... h6 {[%clk 0:02:17]} 36. e4 {[%clk 0:14:21]} 36... a4 {
[%clk 0:01:06]} 37. Qd8+ {[%clk 0:10:07] Zeitueberschreitung} 1-0

[Event "DVM U14 2020"]
[Site "Willingen GER"]
[Date "2021.06.25"]
[Round "3"]
[White "Dordevic, Tom"]
[Black "Bildat, Emilia"]
[Result "1/2-1/2"]
[Termination "normal"]
[Board "5.2"]
[WhiteElo "1556"]
[BlackElo "1852"]
[WhiteClock "00:35:36"]
[BlackClock "00:17:43"]
[WhiteTeam "Düsseldorfer Schachverein 1854"]
[BlackTeam "SC Turm Lüneburg e.V."]
[PlyCount "55"]
[WhiteFideId "16260503"]
[BlackFideId "16218140"]
[EventCountry "GER"]
[EventRounds "7"]
[EventType "team-swiss"]
[EventDate "2021.06.23"]

1. e4 {[%clk 1:30:56]} 1... c5 {[%clk 1:30:44]} 2. Nf3 {[%clk 1:31:22]} 2... g6
{[%clk 1:30:59]} 3. d4 {[%clk 1:31:48]} 3... cxd4 {[%clk 1:31:13]} 4. Nxd4 {
[%clk 1:32:14]} 4... Bg7 {[%clk 1:31:26]} 5. c4 {[%clk 1:32:38]} 5... Nc6 {
[%clk 1:31:37]} 6. Be3 {[%clk 1:32:59]} 6... Nf6 {[%clk 1:31:39]} 7. Nc3 {
[%clk 1:33:06]} 7... d6 {[%clk 1:31:24]} 8. Be2 {[%clk 1:33:06]} 8... O-O {
[%clk 1:31:22]} 9. h3 {[%clk 1:33:14]} 9... Bd7 {[%clk 1:31:13]} 10. O-O {
[%clk 1:33:06]} 10... Nxd4 {[%clk 1:30:16]} 11. Bxd4 {[%clk 1:33:30]} 11... Bc6
{[%clk 1:30:20]} 12. Qc2 {[%clk 1:33:48]} 12... a5 {[%clk 1:30:18]} 13. Rad1 {
[%clk 1:33:23]} 13... a4 {[%clk 1:29:25]} 14. Nd5 {[%clk 1:28:58]} 14... Bxd5 {
[%clk 1:16:31]} 15. exd5 {[%clk 1:28:45]} 15... Qc7 {[%clk 1:12:05]} 16. Qd2 {
[%clk 1:25:30]} 16... Ne4 {[%clk 1:05:11]} 17. Qe3 {[%clk 1:23:43]} 17... Bxd4
{[%clk 1:04:09]} 18. Rxd4 {[%clk 1:22:42]} 18... Nc5 {[%clk 1:00:33]} 19. h4 {
[%clk 1:06:10]} 19... Qb6 {[%clk 0:53:15]} 20. Rb1 {[%clk 0:55:32]} 20... Rfe8
{[%clk 0:43:28]} 21. h5 {[%clk 0:45:07]} 21... Nd7 {[%clk 0:38:28]} 22. Re4 {
[%clk 0:41:51]} 22... Qxe3 {[%clk 0:30:30]} 23. Rxe3 {[%clk 0:42:12]} 23... Kf8
{[%clk 0:30:08]} 24. hxg6 {[%clk 0:40:08]} 24... hxg6 {[%clk 0:29:44]} 25. b4 {
[%clk 0:39:27]} 25... axb3 {[%clk 0:29:14]} 26. axb3 {[%clk 0:39:48]} 26... Ra2
{[%clk 0:28:26]} 27. Bf1 {[%clk 0:35:36]} 27... b6 {[%clk 0:17:43]} 28. Rbe1
1/2-1/2

[Event "DVM U14 2020"]
[Site "Willingen GER"]
[Date "2021.06.25"]
[Round "3"]
[White "Rennkamp, Johannes"]
[Black "Krishnachandran, Srihari"]
[Result "1-0"]
[Termination "normal"]
[Board "5.3"]
[WhiteElo "1603"]
[BlackElo "1323"]
[WhiteClock "01:04:10"]
[BlackClock "01:03:44"]
[WhiteTeam "SC Turm Lüneburg e.V."]
[BlackTeam "Düsseldorfer Schachverein 1854"]
[PlyCount "111"]
[WhiteFideId "16268784"]
[BlackFideId "34605932"]
[EventCountry "GER"]
[EventRounds "7"]
[EventType "team-swiss"]
[EventDate "2021.06.23"]

1. d4 {[%clk 1:30:56]} 1... Nf6 {[%clk 1:30:56]} 2. Bg5 2... d5 {[%clk 1:30:54]
} 3. Bxf6 {[%clk 1:31:29]} 3... exf6 {[%clk 1:31:16]} 4. e3 {[%clk 1:31:49]}
4... Bd6 {[%clk 1:31:17]} 5. Nf3 {[%clk 1:32:00]} 5... O-O {[%clk 1:31:37]} 6.
c4 {[%clk 1:32:20]} 6... c6 {[%clk 1:31:44]} 7. Nc3 {[%clk 1:32:40]} 7... dxc4
{[%clk 1:29:55]} 8. Bxc4 {[%clk 1:32:51]} 8... f5 {[%clk 1:28:03]} 9. O-O {
[%clk 1:32:47]} 9... Nd7 {[%clk 1:26:23]} 10. Qc2 {[%clk 1:32:01]} 10... Nf6 {
[%clk 1:26:21]} 11. Rfe1 {[%clk 1:30:45]} 11... Bd7 {[%clk 1:21:08]} 12. Rad1 {
[%clk 1:29:02]} 12... h6 {[%clk 1:20:32]} 13. Nh4 {[%clk 1:29:07]} 13... Ne4 {
[%clk 1:14:11]} 14. Nf3 {[%clk 1:27:11]} 14... Re8 {[%clk 1:14:20]} 15. Nxe4 {
[%clk 1:27:21]} 15... fxe4 {[%clk 1:14:17]} 16. Nd2 {[%clk 1:27:44]} 16... Bf5
{[%clk 1:12:27]} 17. Qb3 {[%clk 1:26:03]} 17... Qc7 {[%clk 1:12:22]} 18. h3 {
[%clk 1:24:09]} 18... b5 {[%clk 1:10:56]} 19. Be2 {[%clk 1:23:50]} 19... Qe7 {
[%clk 1:09:01]} 20. Bg4 {[%clk 1:18:41]} 20... Bxg4 {[%clk 1:08:51]} 21. hxg4 {
[%clk 1:19:08]} 21... Qh4 {[%clk 1:09:09]} 22. Qc2 {[%clk 1:18:49]} 22... Bh2+
{[%clk 1:04:10]} 23. Kf1 {[%clk 1:15:38]} 23... Qxg4 {[%clk 1:04:13]} 24. Qxc6
{[%clk 1:15:21]} 24... Rab8 {[%clk 1:03:49]} 25. Rc1 {[%clk 1:06:30]} 25... Re6
{[%clk 1:03:26]} 26. Qd5 {[%clk 1:04:34]} 26... Rbb6 {[%clk 1:02:34]} 27. Rc8+
{[%clk 1:04:03]} 27... Kh7 {[%clk 1:02:54]} 28. Rc5 {[%clk 1:04:25]} 28... Rbd6
{[%clk 1:02:37]} 29. Qf5+ {[%clk 1:04:41]} 29... Qxf5 {[%clk 1:02:34]} 30. Rxf5
{[%clk 1:05:06]} 30... Ra6 {[%clk 1:01:41]} 31. a3 {[%clk 1:04:50]} 31... Rab6
{[%clk 1:00:38]} 32. g3 {[%clk 1:05:06]} 32... b4 {[%clk 1:00:55]} 33. Kg2 {
[%clk 1:05:14]} 33... bxa3 {[%clk 1:01:15]} 34. bxa3 {[%clk 1:05:34]} 34... Rb2
{[%clk 1:01:38]} 35. Nc4 {[%clk 1:05:28]} 35... Rc2 {[%clk 1:01:45]} 36. Rc5 {
[%clk 1:04:17]} 36... Bxg3 {[%clk 1:01:02]} 37. Kxg3 {[%clk 1:04:37]} 37...
Rg6+ {[%clk 1:01:28]} 38. Kf4 {[%clk 1:04:53]} 38... Rxf2+ {[%clk 1:01:37]} 39.
Kxe4 {[%clk 1:05:11]} 39... Re6+ {[%clk 1:01:44]} 40. Re5 {[%clk 1:05:03]}
40... Rc6 {[%clk 1:01:49]} 41. Kd5 {[%clk 1:05:23]} 41... Rff6 {[%clk 1:01:44]}
42. e4 {[%clk 1:04:44]} 42... a5 {[%clk 1:01:48]} 43. Rb1 {[%clk 1:03:56]}
43... g5 {[%clk 1:01:44]} 44. Rh1 {[%clk 1:04:04]} 44... g4 {[%clk 1:01:31]}
45. Rg5 {[%clk 1:04:11]} 45... Rg6 {[%clk 1:01:41]} 46. Rxg6 {[%clk 1:04:20]}
46... Rxg6 {[%clk 1:02:10]} 47. Ne5 {[%clk 1:04:12]} 47... Rg5 {[%clk 1:02:31]}
48. Rf1 {[%clk 1:04:24]} 48... Kg8 {[%clk 1:02:44]} 49. Rf5 {[%clk 1:02:39]}
49... Rxf5 {[%clk 1:02:24]} 50. exf5 {[%clk 1:02:59]} 50... h5 {[%clk 1:02:51]}
51. f6 {[%clk 1:02:43]} 51... g3 {[%clk 1:02:58]} 52. Nf3 {[%clk 1:02:56]}
52... g2 {[%clk 1:03:20]} 53. Kc6 {[%clk 1:03:08]} 53... h4 {[%clk 1:03:23]}
54. Ng1 {[%clk 1:03:32]} 54... Kf8 {[%clk 1:03:40]} 55. Kd7 {[%clk 1:03:46]}
55... a4 {[%clk 1:03:44]} 56. d5 {[%clk 1:04:10]} 1-0

[Event "DVM U14 2020"]
[Site "Willingen GER"]
[Date "2021.06.25"]
[Round "3"]
[White "Schmidt, Boris"]
[Black "Rennkamp, David"]
[Result "1-0"]
[Termination "normal"]
[Board "5.4"]
[WhiteElo "1536"]
[BlackElo "1371"]
[WhiteClock "00:11:25"]
[BlackClock "00:09:21"]
[WhiteTeam "Düsseldorfer Schachverein 1854"]
[BlackTeam "SC Turm Lüneburg e.V."]
[PlyCount "63"]
[WhiteFideId "16238036"]
[BlackFideId "16249526"]
[EventCountry "GER"]
[EventRounds "7"]
[EventType "team-swiss"]
[EventDate "2021.06.23"]

1. e4 {[%clk 1:30:53]} 1... e5 {[%clk 1:30:57]} 2. Nf3 {[%clk 1:30:41]} 2...
Nc6 {[%clk 1:31:09]} 3. Bc4 {[%clk 1:31:04]} 3... Bc5 {[%clk 1:31:34]} 4. c3 {
[%clk 1:31:01]} 4... Nf6 {[%clk 1:31:55]} 5. d4 {[%clk 1:30:46]} 5... exd4 {
[%clk 1:32:20]} 6. e5 {[%clk 1:31:11]} 6... d5 {[%clk 1:31:54]} 7. Bb5 { [%clk
1:29:51]} 7... Ne4 {[%clk 1:18:02]} 8. cxd4 {[%clk 1:28:28]} 8... Bb4+ { [%clk
1:16:32]} 9. Bd2 {[%clk 1:25:38]} 9... Bxd2+ {[%clk 1:11:32]} 10. Nbxd2 { [%clk
1:25:16]} 10... Bg4 {[%clk 1:08:22]} 11. Bxc6+ {[%clk 1:21:49]} 11... bxc6
{[%clk 1:08:01]} 12. Qc2 {[%clk 1:18:58]} 12... Qd7 {[%clk 0:58:26]} 13. Nxe4
{[%clk 1:14:52]} 13... Bf5 {[%clk 0:50:23]} 14. Nfd2 {[%clk 0:59:14]} 14...
dxe4 {[%clk 0:41:07]} 15. Nxe4 {[%clk 0:56:14]} 15... O-O-O { [%clk 0:35:56]}
16. Rd1 {[%clk 0:53:00]} 16... Qd5 {[%clk 0:35:53]} 17. f3 { [%clk 0:52:21]}
17... Qxa2 {[%clk 0:33:27]} 18. Qxc6 {[%clk 0:46:45]} 18... Bxe4 {[%clk
0:32:56]} 19. Qxe4 {[%clk 0:44:42]} 19... Qxb2 {[%clk 0:32:38]} 20. O-O {[%clk
0:44:17]} 20... Qb7 {[%clk 0:32:18]} 21. Qg4+ {[%clk 0:43:34]} 21... Rd7 {[%clk
0:31:22]} 22. d5 {[%clk 0:38:12]} 22... Qb6+ {[%clk 0:29:41]} 23. Kh1 {[%clk
0:35:23]} 23... Re8 {[%clk 0:27:28]} 24. Qe4 {[%clk 0:24:34]} 24... Qb5 {[%clk
0:22:42]} 25. f4 {[%clk 0:20:48]} 25... Red8 {[%clk 0:17:21]} 26. d6 {[%clk
0:18:21]} 26... Qb7 {[%clk 0:14:59]} 27. Qc4 {[%clk 0:15:10]} 27... a6 { [%clk
0:12:37]} 28. Rb1 {[%clk 0:14:13]} 28... Qa7 {[%clk 0:11:17]} 29. Ra1 { [%clk
0:12:54]} 29... a5 {[%clk 0:10:12]} 30. Rfc1 {[%clk 0:12:33]} 30... f6 { [%clk
0:09:32]} 31. Qb5 {[%clk 0:11:21]} 31... Qb6 {[%clk 0:09:21]} 32. Qxb6 { [%clk
0:11:25]} 1-0

[Event "DVM U14 2020"]
[Site "Willingen GER"]
[Date "2021.06.25"]
[Round "3"]
[White "Bock, Marlon"]
[Black "Bungarten, Jona"]
[Result "1-0"]
[Termination "normal"]
[Board "6.1"]
[WhiteElo "1654"]
[BlackElo "1843"]
[WhiteClock "00:08:43"]
[BlackClock "00:17:07"]
[WhiteTeam "SSV Vimaria 91 Weimar"]
[BlackTeam "Schachfreunde Brackel 1930 e. V."]
[PlyCount "61"]
[WhiteFideId "16244931"]
[BlackFideId "16223608"]
[EventCountry "GER"]
[EventRounds "7"]
[EventType "team-swiss"]
[EventDate "2021.06.23"]

1. d4 {[%clk 1:30:57]} 1... d5 {[%clk 1:30:52]} 2. Nf3 {[%clk 1:31:09]} 2...
Nf6 {[%clk 1:31:13]} 3. e3 {[%clk 1:31:06]} 3... c5 {[%clk 1:31:17]} 4. b3 {
[%clk 1:30:58]} 4... Nc6 {[%clk 1:31:21]} 5. Bb2 {[%clk 1:28:59]} 5... cxd4 {
[%clk 1:31:09]} 6. exd4 {[%clk 1:27:50]} 6... Bg4 {[%clk 1:29:03]} 7. Be2 {
[%clk 1:25:37]} 7... e6 {[%clk 1:29:07]} 8. Nbd2 {[%clk 1:18:48]} 8... Bd6 {
[%clk 1:28:22]} 9. Ne5 {[%clk 1:15:43]} 9... Bxe2 {[%clk 1:23:03]} 10. Qxe2 {
[%clk 1:16:05]} 10... O-O {[%clk 1:23:16]} 11. O-O {[%clk 1:14:52]} 11... Rc8 {
[%clk 1:19:40]} 12. f4 {[%clk 1:08:22]} 12... Qb6 {[%clk 1:17:34]} 13. Ndf3 {
[%clk 1:03:53]} 13... Bxe5 {[%clk 1:17:27]} 14. fxe5 {[%clk 1:03:43]} 14... Ne4
{[%clk 1:17:48]} 15. c4 {[%clk 0:59:35]} 15... f6 {[%clk 1:15:44]} 16. exf6 {
[%clk 0:52:05]} 16... Rxf6 {[%clk 1:14:48]} 17. Kh1 {[%clk 0:47:47]} 17... Rcf8
{[%clk 1:12:43]} 18. Rad1 {[%clk 0:43:16]} 18... Qc7 {[%clk 1:01:15]} 19. Kg1 {
[%clk 0:38:31]} 19... Ne7 {[%clk 0:57:12]} 20. Ne5 {[%clk 0:36:04]} 20... Rf2 {
[%clk 0:55:59]} 21. Qg4 {[%clk 0:22:32]} 21... Nf5 {[%clk 0:48:11]} 22. Nd3 {
[%clk 0:18:55]} 22... h5 {[%clk 0:40:29]} 23. Qg6 {[%clk 0:15:21]} 23... Rxf1+
{[%clk 0:28:57]} 24. Rxf1 {[%clk 0:15:41]} 24... Rf6 {[%clk 0:28:57]} 25. Qe8+
{[%clk 0:14:23]} 25... Kh7 {[%clk 0:29:05]} 26. Ne5 {[%clk 0:13:41]} 26... dxc4
{[%clk 0:21:47]} 27. Nd7 {[%clk 0:12:01]} 27... c3 {[%clk 0:18:33]} 28. Bc1 {
[%clk 0:10:34]} 28... Qd6 {[%clk 0:17:25]} 29. Qxh5+ {[%clk 0:09:20]} 29... Rh6
{[%clk 0:16:53]} 30. Bxh6 {[%clk 0:08:30]} 30... Qxd4+ {[%clk 0:17:07]} 31.
Be3+ {[%clk 0:08:43]} 1-0

[Event "DVM U14 2020"]
[Site "Willingen GER"]
[Date "2021.06.25"]
[Round "3"]
[White "Tomasjan, Samuel"]
[Black "Günther, Arthur"]
[Result "1-0"]
[Termination "normal"]
[Board "6.2"]
[WhiteElo "1775"]
[BlackElo "1573"]
[WhiteClock "00:13:37"]
[BlackClock "00:22:56"]
[WhiteTeam "Schachfreunde Brackel 1930 e. V."]
[BlackTeam "SSV Vimaria 91 Weimar"]
[PlyCount "85"]
[WhiteFideId "16235584"]
[BlackFideId "16230078"]
[EventCountry "GER"]
[EventRounds "7"]
[EventType "team-swiss"]
[EventDate "2021.06.23"]

1. e4 {[%clk 1:30:58]} 1... d5 {[%clk 1:30:56]} 2. exd5 {[%clk 1:31:17]} 2...
Qxd5 {[%clk 1:31:22]} 3. d4 {[%clk 1:31:36]} 3... Nc6 {[%clk 1:31:44]} 4. Nf3 {
[%clk 1:31:52]} 4... Bg4 {[%clk 1:32:06]} 5. Be2 {[%clk 1:31:41]} 5... O-O-O {
[%clk 1:32:16]} 6. c4 {[%clk 1:15:00]} 6... Qf5 {[%clk 1:32:37]} 7. Be3 { [%clk
1:10:54]} 7... Bxf3 {[%clk 1:30:54]} 8. Bxf3 {[%clk 1:10:54]} 8... Nxd4 { [%clk
1:30:53]} 9. Bxd4 {[%clk 1:01:57]} 9... Qe6+ {[%clk 1:31:01]} 10. Be2 { [%clk
1:01:18]} 10... Qe4 {[%clk 1:31:20]} 11. Nc3 {[%clk 1:00:17]} 11... Qxd4 {[%clk
1:31:37]} 12. Qxd4 {[%clk 1:00:26]} 12... Rxd4 {[%clk 1:32:01]} 13. Nb5 {[%clk
1:00:45]} 13... Re4 {[%clk 1:26:54]} 14. Nxa7+ {[%clk 1:00:51]} 14... Kb8
{[%clk 1:27:17]} 15. Nb5 {[%clk 1:01:10]} 15... e6 {[%clk 1:25:55]} 16. O-O-O
{[%clk 0:59:03]} 16... Bd6 {[%clk 1:18:52]} 17. Rhe1 {[%clk 0:53:29]} 17...
Bf4+ {[%clk 1:16:38]} 18. Kb1 {[%clk 0:50:46]} 18... Nf6 {[%clk 1:16:00]} 19.
g3 {[%clk 0:48:17]} 19... Bd6 {[%clk 1:06:55]} 20. Nxd6 {[%clk 0:47:03]} 20...
cxd6 {[%clk 1:07:18]} 21. Rxd6 {[%clk 0:47:10]} 21... Kc7 {[%clk 1:07:14] } 22.
Rdd1 {[%clk 0:47:24]} 22... Rd8 {[%clk 1:03:30]} 23. Rxd8 {[%clk 0:45:32] }
23... Kxd8 {[%clk 1:03:55]} 24. Rd1+ {[%clk 0:45:24]} 24... Ke7 { [%clk
1:02:33]} 25. Bf3 {[%clk 0:44:04]} 25... Rxc4 {[%clk 1:02:40]} 26. Bxb7 { [%clk
0:44:24]} 26... Ng4 {[%clk 1:00:09]} 27. f3 {[%clk 0:44:14]} 27... Rc7 { [%clk
0:58:06]} 28. Be4 {[%clk 0:39:52]} 28... Nf2 {[%clk 0:53:28]} 29. Re1 { [%clk
0:38:26]} 29... Nxe4 {[%clk 0:50:39]} 30. Rxe4 {[%clk 0:36:15]} 30... Kd6
{[%clk 0:50:21]} 31. a4 {[%clk 0:32:03]} 31... Kd5 {[%clk 0:46:11]} 32. Rb4 {
[%clk 0:29:15]} 32... f5 {[%clk 0:44:45]} 33. Rb5+ {[%clk 0:25:14]} 33... Kc6 {
[%clk 0:42:50]} 34. h4 {[%clk 0:20:50]} 34... Ra7 {[%clk 0:40:34]} 35. b3 {
[%clk 0:20:34]} 35... g6 {[%clk 0:36:40]} 36. Kc2 {[%clk 0:20:05]} 36... Re7 {
[%clk 0:31:15]} 37. f4 {[%clk 0:19:15]} 37... h6 {[%clk 0:29:03]} 38. b4 {
[%clk 0:16:14]} 38... Ra7 39. Rc5+ {[%clk 0:15:59]} 39... Kb7 {[%clk 0:25:02]}
40. a5 {[%clk 0:15:54]} 40... Ka6 {[%clk 0:24:51]} 41. Kc3 {[%clk 0:15:21]}
41... Rd7 {[%clk 0:23:40]} 42. Kc4 {[%clk 0:13:29]} 42... Rd6 {[%clk 0:22:56]}
43. Rc7 {[%clk 0:13:37]} 1-0